00892nam a2200265Ia 4500001000700000003000500007008004100012010001100053020001800064040000900082082001500091100002700106245014200133250001100275260004600286300001100332440002300343500011200366503001400478504003800492650001500530650002700545650001600572700003800588Z_6148CHAP220113s1982 xx 000 0 und d a169379 a968-26-0038-3 cCHAP a574.5 O38v aOdum, Eugene Pleasants aEcología: el vínculo entre las ciencias naturales y las sociales /cEugene Pleasants Odum; traducción Miguel Angel Marron Aguilar a4a ed. aMéxico :bEditorial Continental,c1982 a295 p. aBiología moderna aTraducción de la obra original en inglés: Ecology : the link between the natural and the social science aej.1: s/n aIncluye bibliografía e índice aEcología aEcología poblacional aEcosistemas aMarron Aguilar, Miguel Angel, tr.